000 00977nam a22002417a 4500
008 240610b mp ||||| |||| 00| 0 mon d
020 _a978-9919-517-96-0
035 _a25350
040 _aUVS1285160
_bmon
_cMN-UlNLM
_dMN-UlNLM
_erda
041 _amon
042 _a75073
084 _2NNA
_a84(4Гер)-44
_bК 98
100 _aКэстнер Э.
245 0 _aНисдэг анги
264 _aУлаанбаатар хот
_bАдмон Принт ХХК
_c2022
300 _a213х.
336 _2rdacontent
_atext
_btxt
337 _2rdamedia
_aunmediated
_bn
338 _2rdacarrier
_avolume
_bnc
650 _aЗохиолд сургуулийнхаа дотуур байранд амьдардаг хэсэг найзуудын зул сарын баярын өмнөхөн өрнөсөн хөгжилтэй, адал явдлаар дүүрэн, ...
942 _2NNA
_cBK
999 _c948077
_d948134